Conhecer os alimentos (Record no. 46158)

MARC details
000 -Etiqueta do registo
Valores 00760cam a2200277 4500
010 ## - Número ISBN
ISBN 9728162308
021 ## - Número do Depósito Legal
Número 151734/00
100 ## - Dados gerais de processamento
Dados gerais 20010607d2000 m y0pory5003 ba
101 1# - Língua de publicação
Língua por
102 ## - País de publicação
País PT
200 1# - Titulo e menção de responsabilidade
Título próprio Conhecer os alimentos
Primeira menção de responsabilidade adap. e rev. Sílvia Machado
Outras menções de responsabilidade trad. Rosário Correia
-- adapt. Paula Silva
205 ## - Menção da edição
Edição 2.ª ed.
210 #9 - Publicação
Local de publicação Lisboa
Nome do editor EDIDECO,
Data de publicação 2000
215 ## - Descrição física 
Paginação / Volumes 207 p. a 2 colns.
Outras indicações físicas il.
Dimensões 24 cm
225 2# - Colecção 
Título próprio da colecção Guias práticos
606 ## - Nome comum usado como assunto
Palavra de ordem Saúde
Subdivisão assunto Importância dos alimentos
675 ## - CDU
Notação 613.2
Edição BN
Língua por
675 ## - CDU
Notação 641
675 ## - CDU
Notação 612.39
Edição BN
Língua por
702 #1 - Autor secundário
Apelido Silva,
Nome Paula
Função 675
702 #1 - Autor secundário
Apelido Machado,
Nome Sílvia
Função 640
702 #1 - Autor secundário
Apelido Correia,
Nome Rosário
Função 730
801 ## - Fonte de origem
País PT
Regras de catalogação RPC
990 ## - Elementos KOHA
Tipo de documento Livro
Holdings
Aquisição Empréstimo Código de barras Cota Permissão de empréstimo Tipo de documento
Biblioteca Escolar Doutor Hernâni Cidade Biblioteca Escolar Doutor Hernâni Cidade 83041 613.2 MAC NUTRIÇÃO   Livro

Powered by Koha